000 00192nam a2200085Ia 4500
008 120527s9999 xx 000 0 und d
100 _aHenein Wholey
245 _aReading matter 4.
942 _cBK
999 _c27837
_d27837